| 000 | 00609nam a22002297a 4500 | ||
|---|---|---|---|
| 001 | 30742 | ||
| 003 | UA-OsUOA | ||
| 005 | 20220702120234.0 | ||
| 007 | ta | ||
| 008 | 20041115b un ||||| |||| 00| 0 ukr d | ||
| 040 |
_aUA-OsUOA _brus _cUA-OsUOA _dUA-OsUOA |
||
| 041 | _arus | ||
| 044 | _aUA | ||
| 080 | _a82.09(470+571) | ||
| 090 |
_a82.09(470+571) _bР89 |
||
| 245 |
_aРусская литература ХХ века _cред. И. Т. Крука, Н. Е. Крутиковой |
||
| 260 |
_aКиев _bВища школа _c1984 |
||
| 300 | _a325 с. | ||
| 650 | 7 | _2UDC | |
| 942 |
_cBK _2udc |
||
| 955 | _a0 | ||
| 999 |
_c317156 _d317156 |
||